000 00857nam a2200217Ia 4500
001 11525
003 GE_BSU
008 181216s||||||||xx |||||||||||||| ||und||
040 _cGE_BSU
080 _a634.8:631.82
100 _aსანიკიძე,ა.ო.
245 _aმინერალური სასუქების რაციონალური გამოყენება მევენახეობაში.
245 _cრედ:ი.ნაკაიძე.
260 _aთბილისი.
260 _bსახელგამი.
260 _c1952.
300 _a232გვ;23სმ.
300 _eილ;ცხრ.
653 _aმინერალური სასუქების რაციონალური გამოყენება მევენახეობაში.
942 _cBK
999 _c44720
_d44720